[Event "Spring Training"]
[Site "SchemingMind.com"]
[Date "2010.03.04"]
[Round "-"]
[White "Schaakmaatje"]
[Black "the_ether_76"]
[Result "1-0"]
[WhiteCountry "NED"]
[BlackCountry "USA"]
[WhiteElo "1762"]
[WhiteRD "46"]
[BlackElo "1703"]
[BlackRD "77"]
[GameID "240259"]

1. e4 c5 2. Nf3 Nc6 3. Bb5 g6 4. c3 Bg7 5. O-O e6 6. d4 cxd4 7. cxd4 Qb6 8. Bxc6 bxc6 9. Nc3 Ne7 10. Rb1 Ba6
11. Re1 O-O 12. Be3 d5 13. Na4 Qc7 14. Nc5 Bb7 15. b4 Nc8 16. a4 Nb6 17. b5 cxb5 18. Rxb5 dxe4 19. Ng5
1-0

[Event "Spring Training"]
[Site "SchemingMind.com"]
[Date "2010.03.04"]
[Round "-"]
[White "the_ether_76"]
[Black "Schaakmaatje"]
[Result "0-1"]
[WhiteCountry "USA"]
[BlackCountry "NED"]
[WhiteElo "1703"]
[WhiteRD "77"]
[BlackElo "1762"]
[BlackRD "46"]
[GameID "240260"]

1. d4 d5 2. c4 c6 3. Nc3 Nf6 4. e3 Bf5 5. Bd3 Qd7 6. Nf3 Bxd3 7. Qxd3 e6 8. O-O Be7 9. Bd2 O-O 10. Rac1 dxc4
11. Qxc4 Na6 12. Rfe1 Nb4 13. a3 Nbd5 14. e4 Nxc3 15. Bxc3 a5 16. b4 axb4 17. axb4 Ra4 18. Ra1 Rfa8 19. Ne5 Qc7
0-1

[Event "Spring Training"]
[Site "SchemingMind.com"]
[Date "2010.03.07"]
[Round "-"]
[White "lemmie"]
[Black "Schaakmaatje"]
[Result "0-1"]
[WhiteCountry "NED"]
[BlackCountry "NED"]
[WhiteElo "1619"]
[WhiteRD "54"]
[BlackElo "1762"]
[BlackRD "46"]
[GameID "240595"]

1. e4 e5 2. Nf3 Nc6 3. Bc4 Bc5 4. c3 Nf6 5. d3 h6 6. Nbd2 O-O 7. Nb3 Bb6 8. O-O d6 9. h3 Qe7 10. Qe2 Nh7
11. Be3 Bxe3 12. Qxe3 Be6 13. Bxe6 Qxe6 14. Nbd2 f5 15. exf5 Rxf5 16. Nh4 Rf4 17. Nhf3 Raf8 18. a4 Ne7 19. Nd4 Qg6 20. N4f3 Nf5
21. Qxa7 Nh4 22. Nxh4 Rxh4 23. Kh2 Qxd3 24. Rad1 Ng5 25. Qe3 Qf5 26. Qg3 Rf4 27. Kg1 Ne4 28. Nxe4 Qxe4 29. b4 R8f6 30. f3 Qe3+
31. Kh1 Qxc3 32. b5 Qb4 33. Ra1 e4 34. Qf2 exf3 35. Qa7 fxg2+ 36. Kxg2 Rg6+ 37. Kh1 Qe4+
0-1

[Event "Spring Training"]
[Site "SchemingMind.com"]
[Date "2010.03.02"]
[Round "-"]
[White "lemmie"]
[Black "the_ether_76"]
[Result "0-1"]
[WhiteCountry "NED"]
[BlackCountry "USA"]
[WhiteElo "1619"]
[WhiteRD "54"]
[BlackElo "1703"]
[BlackRD "77"]
[GameID "240596"]

1. e4 c5 2. Nf3 Nc6 3. Nc3 g6 4. d4 cxd4 5. Nxd4 Bg7 6. Be3 e6 7. Qd2 Nge7 8. Nxc6 bxc6 9. Bd3 d5 10. exd5 cxd5
11. O-O O-O 12. Rab1 d4 13. Bxd4 Bxd4 14. Rbd1 Bb7 15. Be4 Bxe4 16. Nxe4 Bxb2 17. Qb4 Rb8 18. Rxd8 Rxb4 19. Rxf8+ Kxf8 20. Nc5 Rc4
21. Nd3 Rxc2 22. a4 Bd4 23. Nb4 Rc4 24. Rb1 Nd5 25. Nxd5 exd5 26. Rb8+ Kg7 27. g3 Rc2 28. Rb4 Bxf2+ 29. Kf1 Be3 30. h4 Rc4
0-1

[Event "Spring Training"]
[Site "SchemingMind.com"]
[Date "2010.03.07"]
[Round "-"]
[White "Schaakmaatje"]
[Black "lemmie"]
[Result "1-0"]
[WhiteCountry "NED"]
[BlackCountry "NED"]
[WhiteElo "1762"]
[WhiteRD "46"]
[BlackElo "1619"]
[BlackRD "54"]
[GameID "240597"]

1. d4 d5 2. Nf3 c5 3. Bf4 Nc6 4. e3 Nf6 5. c3 e6 6. Be2 c4 7. Nbd2 Bd6 8. Bxd6 Qxd6 9. h3 a6 10. O-O Bd7
11. Nh2 O-O 12. Bf3 h6 13. Ng4 Nxg4 14. Bxg4 f5 15. Bh5 Ne7 16. f4 Be8 17. Bxe8 Raxe8 18. Qh5 Qb6 19. Rab1 Qc6 20. Nf3 Kh7
21. Ne5 Qc8 22. g4 fxg4 23. hxg4 Rf6 24. g5 Rff8 25. Rf3 Nf5 26. Rh3 Qc7 27. Qg6+ Kg8 28. gxh6 Rf6 29. Qxe8+
1-0

[Event "Spring Training"]
[Site "SchemingMind.com"]
[Date "2010.03.02"]
[Round "-"]
[White "the_ether_76"]
[Black "lemmie"]
[Result "0-1"]
[WhiteCountry "USA"]
[BlackCountry "NED"]
[WhiteElo "1703"]
[WhiteRD "77"]
[BlackElo "1619"]
[BlackRD "54"]
[GameID "240598"]

1. d4 d5 2. c4 dxc4 3. Nc3 e6 4. e4 a6 5. Bxc4 b5 6. Bb3 Bb7 7. d5 Bb4 8. a3 Bxc3+ 9. bxc3 Ne7 10. dxe6 Qxd1+
11. Kxd1 fxe6 12. Bxe6 Bxe4 13. f3 Bg6 14. Nh3 Nbc6 15. Bf4 Rd8+ 16. Kc1 Bf5 17. Bxf5 Nxf5 18. Kb2 O-O 19. Bxc7 Rd2+ 20. Kb3 Rc8
21. Bf4 Rxg2 22. Rhg1 Re2 23. Ng5 a5
0-1

[Event "Spring Training"]
[Site "SchemingMind.com"]
[Date "2010.03.03"]
[Round "-"]
[White "Efren ramos"]
[Black "lemmie"]
[Result "1-0"]
[WhiteCountry "NCA"]
[BlackCountry "NED"]
[WhiteElo "1881"]
[WhiteRD "84"]
[BlackElo "1577"]
[BlackRD "55"]
[GameID "240725"]

1. d4 d5 2. c4 e5 3. dxe5 d4 4. Nf3 c5 5. b4 Nc6 6. b5 Nce7 7. e3 Ng6 8. exd4 cxd4 9. Bd3 N8e7 10. O-O Be6
11. Ba3 Nf4 12. Be4 Rb8 13. Re1 Neg6 14. Nbd2 Bxa3 15. Qa4 Bc5 16. Nb3 b6 17. Nxc5 bxc5 18. b6+ Bd7 19. Bc6 axb6 20. h4 Bxc6
21. Qxc6+ Qd7 22. Qe4 O-O 23. g3 Ne6 24. h5 Ne7 25. h6 Ng6 26. Nh2 gxh6 27. Ng4 Ng5 28. Nf6+
1-0

[Event "Spring Training"]
[Site "SchemingMind.com"]
[Date "2010.03.07"]
[Round "-"]
[White "Efren ramos"]
[Black "Schaakmaatje"]
[Result "1-0"]
[WhiteCountry "NCA"]
[BlackCountry "NED"]
[WhiteElo "1917"]
[WhiteRD "81"]
[BlackElo "1762"]
[BlackRD "46"]
[GameID "240726"]

1. d4 d5 2. Nc3 c6 3. e4 dxe4 4. Nxe4 Bf5 5. Ng3 Bg6 6. Bc4 e6 7. N1e2 Nf6 8. h4 h6 9. Nf4 Bh7 10. c3 Bd6
11. Qe2 O-O 12. Be3 Qc7 13. Nfh5 Nbd7 14. Nxf6+ Nxf6 15. Nh5 Nxh5 16. Qxh5 Bf4 17. Qf3 Bxe3 18. Qxe3 Rad8 19. f4 Qb6 20. b4 a5
21. a3 Ra8 22. O-O Bf5 23. Qf3 Rad8 24. g4 Bh7 25. Qe3 Bc2 26. Ra2 Ba4 27. Rg2 Bb5 28. Bxb5 Qxb5 29. g5 h5 30. g6 Qd5
31. Rg5
1-0

[Event "Spring Training"]
[Site "SchemingMind.com"]
[Date "2010.03.02"]
[Round "-"]
[White "Efren ramos"]
[Black "the_ether_76"]
[Result "1-0"]
[WhiteCountry "NCA"]
[BlackCountry "USA"]
[WhiteElo "1881"]
[WhiteRD "84"]
[BlackElo "1784"]
[BlackRD "82"]
[GameID "240727"]

1. d4 d5 2. c4 c6 3. Nc3 Nf6 4. Nf3 a6 5. cxd5 Nxd5 6. e4 Nf6 7. Be3 Bg4 8. Be2 e6 9. O-O Bb4 10. e5 Nd5
11. Ne4 O-O 12. Nfg5 Bxe2 13. Qxe2 Nxe3 14. fxe3 Be7 15. Qh5
1-0

[Event "Spring Training"]
[Site "SchemingMind.com"]
[Date "2010.03.03"]
[Round "-"]
[White "lemmie"]
[Black "Efren ramos"]
[Result "0-1"]
[WhiteCountry "NED"]
[BlackCountry "NCA"]
[WhiteElo "1577"]
[WhiteRD "55"]
[BlackElo "1881"]
[BlackRD "84"]
[GameID "240728"]

1. e4 e5 2. Nf3 Nc6 3. Bc4 Nf6 4. c3 Nxe4 5. d3 Nf6 6. Bg5 Be7 7. Nbd2 O-O 8. O-O h6 9. Bh4 d5 10. Bb3 Be6
11. h3 Nh7 12. Bxe7 Qxe7 13. Re1 Qf6 14. Rb1 Ng5 15. Nxg5 Qxg5 16. Kh1 f5 17. Nf3 Qf6 18. Qd2 Rad8 19. Re2 e4 20. Ne1 Kh8
21. d4 f4 22. f3 e3 23. Qd1 Ne7 24. Nc2 Nf5 25. Kg1 Ng3 26. Re1 Bf5 27. Rc1 Qg6 28. Kh2 Rd6 29. Nb4 Bxh3 30. gxh3 Nf1+
31. Rxf1 Qg3+
0-1

[Event "Spring Training"]
[Site "SchemingMind.com"]
[Date "2010.03.07"]
[Round "-"]
[White "Schaakmaatje"]
[Black "Efren ramos"]
[Result "1/2-1/2"]
[WhiteCountry "NED"]
[BlackCountry "NCA"]
[WhiteElo "1762"]
[WhiteRD "46"]
[BlackElo "1917"]
[BlackRD "81"]
[GameID "240729"]

1. e4 e5 2. Nf3 Nc6 3. d4 exd4 4. Nxd4 Bc5 5. Be3 Qf6 6. c3 Qg6 7. Nd2 Nf6 8. f3 d5 9. Bd3 Qxg2 10. Rg1 Qxh2
11. Rxg7 Ne5 12. Qe2 Qxe2+ 13. Kxe2 Nxd3 14. Kxd3 dxe4+ 15. Nxe4 Nxe4 16. Kxe4 b6 17. Rh1 Bb7+ 18. Kf4 h5 19. Nf5 Bxe3+ 20. Kxe3 O-O-O
21. Rxf7 Kb8 22. Rh4 Rhe8+ 23. Kf4 Rd2 24. Rxh5 Bc8 25. Nd4 Bb7 26. Rhh7 Rc8 27. Ne6 Rf2 28. Nd4 Bd5 29. Rd7 Bxa2 30. b3 Bb1
31. Rhf7 Bg6 32. Rf6 Rg8=
1/2-1/2

[Event "Spring Training"]
[Site "SchemingMind.com"]
[Date "2010.03.03"]
[Round "-"]
[White "the_ether_76"]
[Black "Efren ramos"]
[Result "0-1"]
[WhiteCountry "USA"]
[BlackCountry "NCA"]
[WhiteElo "1784"]
[WhiteRD "82"]
[BlackElo "1881"]
[BlackRD "84"]
[GameID "240730"]

1. d4 Nf6 2. c4 e6 3. Nf3 b6 4. Nc3 Bb7 5. Bf4 Bb4 6. a3 Be7 7. e3 Nh5 8. Bg3 O-O 9. Bd3 f5 10. O-O Nxg3
11. fxg3 c5 12. e4 cxd4 13. Nxd4 Bc5
0-1

[Event "Spring Training"]
[Site "SchemingMind.com"]
[Date "2010.03.04"]
[Round "-"]
[White "APB"]
[Black "Efren ramos"]
[Result "1/2-1/2"]
[WhiteCountry "ENG"]
[BlackCountry "NCA"]
[WhiteElo "1609"]
[WhiteRD "61"]
[BlackElo "1881"]
[BlackRD "84"]
[GameID "240874"]

1. e4 e5 2. Nf3 Nc6 3. Bc4 Nf6 4. Ng5 d5 5. exd5 Na5 6. Bb5+ c6 7. dxc6 bxc6 8. Qf3 Rb8 9. Bxc6+ Nxc6 10. Qxc6+ Nd7
11. d3 Be7 12. Ne4 O-O 13. O-O Rb6 14. Qa4 f5 15. Ned2 Bb7 16. c3 Rg6 17. Qb3+ Kh8 18. Qxb7 Nc5 19. Qf3 Nxd3 20. b4 e4
21. Qd1 Bd6 22. Nc4 Bxh2+ 23. Kxh2 Qh4+ 24. Kg1 Nxc1 25. f3 Rh6 26. Qxc1 Qh2+ 27. Kf2 Rg6 28. Ne3 f4 29. Ng4 Rxg4 30. fxg4 e3+
31. Kf3 Qg3+ 32. Ke4 e2 33. Nd2 Qe3+ 34. Kd5 Rd8+ 35. Kc4 Qe6+ 36. Kb5 Qe8+ 37. Kc4 Qf7+ 38. Kb5 Qe8+ 39. Kc4 Qe6+ 40. Kb5= Rd5+
41. Ka4 Qd7+ 42. Kb3 Rxd2 43. Rxf4 g5 44. Rd4 Qe6+ 45. Ka3 Qa6+ 46. Kb3 Qe6+ 47. Ka3=
1/2-1/2

[Event "Spring Training"]
[Site "SchemingMind.com"]
[Date "2010.03.04"]
[Round "-"]
[White "APB"]
[Black "lemmie"]
[Result "1-0"]
[WhiteCountry "ENG"]
[BlackCountry "NED"]
[WhiteElo "1646"]
[WhiteRD "59"]
[BlackElo "1575"]
[BlackRD "51"]
[GameID "240875"]

1. e4 e5 2. Nf3 Nc6 3. Bc4 Bc5 4. c3 a6 5. d4 exd4 6. Nxd4 Nxd4 7. cxd4 Bb4+ 8. Bd2 Bxd2+ 9. Qxd2 d6 10. Qf4 Qe7
11. O-O Bd7 12. Nc3 Nf6 13. e5 dxe5 14. dxe5 Nh5 15. Qf3 g6 16. Nd5 Qd8 17. Nxc7+ Qxc7 18. Qxf7+ Kd8 19. Rad1 Kc8 20. Rxd7 Qxd7
21. Be6 Qxe6 22. Qxe6+
1-0

[Event "Spring Training"]
[Site "SchemingMind.com"]
[Date "2010.03.08"]
[Round "-"]
[White "APB"]
[Black "Schaakmaatje"]
[Result "0-1"]
[WhiteCountry "ENG"]
[BlackCountry "NED"]
[WhiteElo "1635"]
[WhiteRD "63"]
[BlackElo "1762"]
[BlackRD "46"]
[GameID "240876"]

1. e4 e6 2. d4 d5 3. Nc3 Bb4 4. e5 c5 5. a3 Bxc3+ 6. bxc3 Nc6 7. Nf3 Nge7 8. Be2 O-O 9. O-O Nf5 10. Bg5 Qc7
11. g4 Nfe7 12. c4 h6 13. Bf4 cxd4 14. Nxd4 Nxd4 15. Qxd4 dxc4 16. Bxc4 Ng6 17. Bg3 Rd8 18. Qe4 Bd7 19. Rad1 Bc6 20. Qe2 Qb6
21. Bd3 Ne7 22. Bf4 Qa5 23. Bc1 Rd4 24. Bb2 Rf4 25. h3 Rf3 26. Kh2 Qd5 27. Rg1 Qc5 28. Rg3 Rxf2+
0-1

[Event "Spring Training"]
[Site "SchemingMind.com"]
[Date "2010.03.04"]
[Round "-"]
[White "APB"]
[Black "the_ether_76"]
[Result "1-0"]
[WhiteCountry "ENG"]
[BlackCountry "USA"]
[WhiteElo "1635"]
[WhiteRD "63"]
[BlackElo "1703"]
[BlackRD "77"]
[GameID "240877"]

1. e4 c5 2. Nf3 Nc6 3. d4 cxd4 4. Nxd4 g6 5. c4 Bg7 6. Be3 d6 7. Nc3 Nf6 8. Be2 O-O 9. O-O Bd7 10. Qd2 a6
11. f3 Rc8 12. Nd5 Ne5 13. b3 Bc6 14. Nxc6 bxc6 15. Bb6 Qd7 16. Nxf6+ Bxf6 17. f4 Nxc4 18. Bxc4 Bxa1 19. Rxa1 Rb8 20. Qd4 Qb7
21. Ba5
1-0

[Event "Spring Training"]
[Site "SchemingMind.com"]
[Date "2010.03.04"]
[Round "-"]
[White "Efren ramos"]
[Black "APB"]
[Result "1-0"]
[WhiteCountry "NCA"]
[BlackCountry "ENG"]
[WhiteElo "1881"]
[WhiteRD "84"]
[BlackElo "1609"]
[BlackRD "61"]
[GameID "240878"]

1. e4 e5 2. Nf3 Nc6 3. Bb5 a6 4. Ba4 Nf6 5. Qe2 Nd4 6. Nxd4 exd4 7. e5 Nd5 8. Qe4 c6 9. O-O Bc5 10. c3 d3
11. Qxd3 Nf4 12. Qe4 Qg5 13. d4 Qxg2+ 14. Qxg2 Nxg2 15. Kxg2 Be7 16. f4 d6 17. Be3 O-O 18. Nd2 b5 19. Bb3 Kh8 20. f5 f6
21. e6 d5 22. h4 g5 23. hxg5 Rg8 24. g6 hxg6 25. Rh1+ Kg7 26. Bh6+ Kh7 27. Bf8#
1-0

[Event "Spring Training"]
[Site "SchemingMind.com"]
[Date "2010.03.04"]
[Round "-"]
[White "lemmie"]
[Black "APB"]
[Result "0-1"]
[WhiteCountry "NED"]
[BlackCountry "ENG"]
[WhiteElo "1575"]
[WhiteRD "51"]
[BlackElo "1646"]
[BlackRD "59"]
[GameID "240879"]

1. e4 c5 2. Nf3 e6 3. d4 cxd4 4. Nxd4 Nf6 5. Nc3 Bb4 6. e5 Nd5 7. Bd2 Bxc3 8. Bxc3 Nxc3 9. bxc3 Qa5 10. Qf3 Qxe5+
11. Be2 Nc6 12. Nxc6 dxc6 13. O-O Bd7 14. Rad1 O-O-O 15. Rfe1 f5 16. Bd3 Qxc3 17. Qe3 Kb8 18. Ra1 Rde8 19. Qg3+ Ka8 20. a4 Ref8
21. Qxg7 Qxg7
0-1

[Event "Spring Training"]
[Site "SchemingMind.com"]
[Date "2010.03.08"]
[Round "-"]
[White "Schaakmaatje"]
[Black "APB"]
[Result "0-1"]
[WhiteCountry "NED"]
[BlackCountry "ENG"]
[WhiteElo "1762"]
[WhiteRD "46"]
[BlackElo "1635"]
[BlackRD "63"]
[GameID "240880"]

1. e4 c5 2. Nf3 d6 3. d4 cxd4 4. Nxd4 Nf6 5. Nc3 Nc6 6. Be2 e5 7. Nb3 Be7 8. O-O a6 9. Be3 Be6 10. f3 Qc7
11. Nd5 Qc8 12. Nb6 Qb8 13. Nxa8 Qxa8 14. c3 d5 15. Bb6 dxe4 16. fxe4 Nxe4 17. Bf3 Ng5 18. Bd5 O-O 19. Nc5 Bxc5+ 20. Bxc5 Rd8
21. c4 Ne4 22. Qc2 Nxc5
0-1

[Event "Spring Training"]
[Site "SchemingMind.com"]
[Date "2010.03.04"]
[Round "-"]
[White "the_ether_76"]
[Black "APB"]
[Result "1-0"]
[WhiteCountry "USA"]
[BlackCountry "ENG"]
[WhiteElo "1784"]
[WhiteRD "82"]
[BlackElo "1609"]
[BlackRD "61"]
[GameID "240881"]

1. d4 Nf6 2. c4 g6 3. Nc3 d5 4. Bg5 dxc4 5. e4 Bg7 6. e5 Nd5 7. Bxc4 c6 8. Qb3 Nxc3 9. Bxf7+ Kf8 10. bxc3 h6
11. Bxg6 Qd5 12. Qxd5 cxd5 13. Bh4 h5 14. Ne2
1-0

[Event "Spring Training"]
[Site "SchemingMind.com"]
[Date "2010.03.05"]
[Round "-"]
[White "mmccaffe"]
[Black "APB"]
[Result "1-0"]
[WhiteCountry "USA"]
[BlackCountry "ENG"]
[WhiteElo "1712"]
[WhiteRD "65"]
[BlackElo "1609"]
[BlackRD "61"]
[GameID "241002"]

1. d4 Nf6 2. c4 e6 3. Nf3 d5 4. Nc3 Be7 5. Bg5 h6 6. Bh4 O-O 7. e3 b6 8. Bd3 Bb7 9. O-O Nbd7 10. Qe2 c5
11. Rac1 dxc4 12. Bxc4 g5 13. Bg3 a6 14. dxc5 Nxc5 15. Rfd1 Qc8 16. Bd6 Bxd6 17. Rxd6 b5 18. Bb3 Nce4 19. Rdd1 Qb8 20. Nxe4 Ng4
21. Ng3 e5 22. h3 e4 23. Nd4 Ne5 24. Qh5 Bc8 25. Qxh6
1-0

[Event "Spring Training"]
[Site "SchemingMind.com"]
[Date "2010.03.05"]
[Round "-"]
[White "mmccaffe"]
[Black "Efren ramos"]
[Result "0-1"]
[WhiteCountry "USA"]
[BlackCountry "NCA"]
[WhiteElo "1677"]
[WhiteRD "60"]
[BlackElo "1917"]
[BlackRD "81"]
[GameID "241003"]

1. e4 e6 2. d4 d5 3. Nd2 Nc6 4. Bb5 Bd7 5. Bxc6 Bxc6 6. e5 Bb5 7. Ngf3 c5 8. c3 Qb6 9. Nb3 Nh6 10. Bxh6 gxh6
11. dxc5 Bxc5 12. Nxc5 Qxc5 13. Qd2 Rg8 14. g3 Rg4 15. O-O-O O-O-O 16. Kb1 Re4 17. Qxh6 Be2 18. Qxh7 Bxf3 19. Qxf7 Bxd1 20. Qxe6+ Kb8
21. Rxd1 Re2 22. f4 Qf2
0-1

[Event "Spring Training"]
[Site "SchemingMind.com"]
[Date "2010.03.10"]
[Round "-"]
[White "mmccaffe"]
[Black "lemmie"]
[Result "0-1"]
[WhiteCountry "USA"]
[BlackCountry "NED"]
[WhiteElo "1750"]
[WhiteRD "56"]
[BlackElo "1688"]
[BlackRD "55"]
[GameID "241004"]

1. e4 e5 2. f4 exf4 3. Nf3 Nc6 4. d4 d6 5. Bxf4 Bg4 6. Nbd2 Be7 7. Nb3 Nf6 8. Bd3 a6 9. h3 Bxf3 10. Qxf3 O-O
11. O-O Nb4 12. e5 dxe5 13. dxe5 Nfd5 14. Bh2 h6 15. Bc4 c6 16. c3 b5 17. Bxb5 cxb5 18. cxb4 Nxb4 19. a3 Qb6+ 20. Kh1 Nc6
21. Rac1 Rac8 22. Nd2 Nd4 23. Qh5 Rxc1 24. Rxc1 Bg5 25. Qd1 Rd8 26. Rc3 Ne6 27. Rc2 Nc5 28. Qc1 Nd3 29. Qf1 Nf2+ 30. Kg1 Nxh3+
31. Kh1 Nf2+ 32. Kg1 Ne4+
0-1

[Event "Spring Training"]
[Site "SchemingMind.com"]
[Date "2010.03.10"]
[Round "-"]
[White "mmccaffe"]
[Black "Schaakmaatje"]
[Result "1-0"]
[WhiteCountry "USA"]
[BlackCountry "NED"]
[WhiteElo "1750"]
[WhiteRD "56"]
[BlackElo "1736"]
[BlackRD "50"]
[GameID "241005"]

1. e4 e5 2. Nf3 Nc6 3. Bb5 a6 4. Ba4 Nf6 5. O-O b5 6. Bb3 h6 7. c3 Bc5 8. Qe2 O-O 9. h3 Bb7 10. Rd1 Re8
11. d3 d5 12. Nbd2 Na5 13. Bc2 dxe4 14. dxe4 Qe7 15. b4 Bxb4 16. cxb4 Qxb4 17. a4 Nc4 18. Nxc4 Qxc4 19. Qxc4 bxc4 20. Ba3 Bxe4
21. Bxe4 Nxe4 22. Re1 f5 23. Rac1 c3 24. Bb4 Re6 25. Bxc3 Nxc3 26. Rxc3 c6 27. Rxe5
1-0

[Event "Spring Training"]
[Site "SchemingMind.com"]
[Date "2010.03.05"]
[Round "-"]
[White "mmccaffe"]
[Black "the_ether_76"]
[Result "1-0"]
[WhiteCountry "USA"]
[BlackCountry "USA"]
[WhiteElo "1750"]
[WhiteRD "56"]
[BlackElo "1662"]
[BlackRD "79"]
[GameID "241006"]

1. e4 c5 2. Nf3 Nc6 3. d4 cxd4 4. Nxd4 g6 5. c4 Bg7 6. Be3 e6 7. Nc3 Nge7 8. Qd2 O-O 9. f3 a6 10. Be2 Nxd4
11. Bxd4 Bxd4 12. Qxd4 Nc6 13. Qd2 Qb6 14. h4 Nd4 15. h5 e5 16. Nd5
1-0

[Event "Spring Training"]
[Site "SchemingMind.com"]
[Date "2010.03.05"]
[Round "-"]
[White "APB"]
[Black "mmccaffe"]
[Result "1/2-1/2"]
[WhiteCountry "ENG"]
[BlackCountry "USA"]
[WhiteElo "1635"]
[WhiteRD "63"]
[BlackElo "1677"]
[BlackRD "60"]
[GameID "241007"]

1. e4 c5 2. d4 cxd4 3. c3 d5 4. exd5 Qxd5 5. cxd4 Nc6 6. Nf3 Bg4 7. Be2 Nf6 8. Nc3 Qd7 9. d5 Bxf3 10. Bxf3 Ne5
11. O-O Nxf3+ 12. Qxf3 e6 13. Re1 Be7 14. dxe6 fxe6 15. Rd1 Qc7 16. Bf4 Qb6 17. Na4 Qb4 18. b3 O-O 19. Bd2 Qe4 20. Re1 Qxf3
21. gxf3 Nd5 22. f4 Nxf4 23. Bxf4 Rxf4 24. Rxe6 Bh4 25. Rf1 Raf8 26. Re2 b6 27. Nc3 R4f5=
1/2-1/2

[Event "Spring Training"]
[Site "SchemingMind.com"]
[Date "2010.03.05"]
[Round "-"]
[White "Efren ramos"]
[Black "mmccaffe"]
[Result "1-0"]
[WhiteCountry "NCA"]
[BlackCountry "USA"]
[WhiteElo "1917"]
[WhiteRD "81"]
[BlackElo "1677"]
[BlackRD "60"]
[GameID "241008"]

1. e4 c5 2. Nf3 d6 3. d4 cxd4 4. Nxd4 Nf6 5. f3 e5 6. Bb5+ Bd7 7. Bxd7+ Qxd7 8. Nf5 Nc6 9. Bg5 h6 10. Bxf6 gxf6
11. Nc3 O-O-O 12. Nd5 Ne7 13. Nxf6 Qe6 14. Nxe7+ Bxe7 15. Nd5 f5 16. Qd3 Kb8 17. exf5 Qd7 18. O-O-O Rhg8 19. g4 Bg5+ 20. Kb1 Rc8
21. h4 Bf4 22. Nf6 Qc6 23. Nxg8
1-0

[Event "Spring Training"]
[Site "SchemingMind.com"]
[Date "2010.03.10"]
[Round "-"]
[White "lemmie"]
[Black "mmccaffe"]
[Result "0-1"]
[WhiteCountry "NED"]
[BlackCountry "USA"]
[WhiteElo "1688"]
[WhiteRD "55"]
[BlackElo "1750"]
[BlackRD "56"]
[GameID "241009"]

1. e4 c5 2. Nf3 d6 3. Nc3 g6 4. d4 cxd4 5. Qxd4 Nf6 6. Bg5 Bg7 7. Be2 Nc6 8. Qd1 O-O 9. O-O Bd7 10. h3 a6
11. Re1 Qc7 12. a3 b5 13. Bxf6 Bxf6 14. Bd3 Bg7 15. Qd2 Ne5 16. Nxe5 Bxe5 17. Nd5 Qd8 18. f4 Bxb2 19. Ra2 Bd4+ 20. Kh1 Bg7
21. Qf2 Be6 22. Qf3 Bxd5 23. exd5 Re8 24. f5 Be5 25. fxg6 fxg6 26. Qg4 Rf8 27. c4 bxc4 28. Bxc4 Rf4 29. Qe6+ Kg7 30. Rae2 Qf8
31. Rc2 Rc8 32. Rcc1 Rcxc4 33. Rxc4 Rf1+
0-1

[Event "Spring Training"]
[Site "SchemingMind.com"]
[Date "2010.03.10"]
[Round "-"]
[White "Schaakmaatje"]
[Black "mmccaffe"]
[Result "1/2-1/2"]
[WhiteCountry "NED"]
[BlackCountry "USA"]
[WhiteElo "1724"]
[WhiteRD "54"]
[BlackElo "1742"]
[BlackRD "57"]
[GameID "241010"]

1. e4 c5 2. Nf3 d6 3. d4 cxd4 4. Nxd4 Nf6 5. Nc3 a6 6. Be2 e5 7. Nb3 Be7 8. O-O Nc6 9. h3 O-O 10. Be3 Be6
11. f3 Qc7 12. Qd2 Rac8 13. Rac1 Rfd8 14. Rfd1 b5 15. Nd5 Bxd5 16. exd5 Nb8 17. c4 bxc4 18. Rxc4 Qd7 19. Rdc1 Rxc4 20. Bxc4 Rc8
21. Na5 Bd8 22. Nc6 Qb7 23. Nxd8 Rxd8 24. Bb3 Rc8 25. Rxc8+ Qxc8 26. Qc3 Qxc3 27. bxc3 Nfd7 28. Ba4 Nc5 29. Bc6 Nbd7 30. Kf1 f5
31. f4 e4 32. g4 g6 33. Ke2 Kf7=
1/2-1/2

[Event "Spring Training"]
[Site "SchemingMind.com"]
[Date "2010.03.05"]
[Round "-"]
[White "the_ether_76"]
[Black "mmccaffe"]
[Result "0-1"]
[WhiteCountry "USA"]
[BlackCountry "USA"]
[WhiteElo "1662"]
[WhiteRD "79"]
[BlackElo "1750"]
[BlackRD "56"]
[GameID "241011"]

1. d4 Nf6 2. c4 g6 3. Nc3 Bg7 4. Nf3 O-O 5. e4 d6 6. Be3 Nbd7 7. Bd3 c6 8. O-O Qc7 9. b4 b6 10. Qd2 Bb7
11. Rfe1 e5 12. dxe5 Nxe5 13. Nxe5 dxe5 14. Bh6 Rfd8 15. Bxg7 Kxg7 16. Qg5 Rxd3
0-1